000
00264nam a2200109Ia 4500
008
200302s9999 xx 000 0 und d
100
_a
Jean - Pierre
245
_a
Heim Architect
260
_b
Visual Rererence Publications Inc.,
260
_c
2003
300
_a
176 P.,
999
_c
5175
_d
5175